000 01185cam a2200337 a 4500
001 14413592
003 ARRUPE
005 20160210121141.0
008 060614s2007 enkaf bq 001 0 eng
010 _a 2006019704
020 _a0195188632 (cloth : alk. paper)
020 _a9780195188639 (cloth : alk. paper)
020 _a0195188640 (pbk. : alk. paper)
020 _a9780195188646 (pbk. : alk. paper)
022 _a9782253039235
035 _a(OCoLC)ocm70149255
035 _a(OCoLC)70149255
040 _aDLC
_cDLC
_dBAKER
_dBTCTA
_dC#P
_dYDXCP
_dLHM
_dDLC
050 0 0 _aD810.J4L2755 1985
082 0 0 _a940.53/18
_222
100 _aLanzmann, Claude
_922232
245 0 0 _aShoah :
_bpreface de simone de beauvoir
_cby Lanzmann, Claude
260 _aParis
_bFayard
_c1985
300 _a248 p.;
_c17cm.
610 _aJews
_2Persecutions
_zPoland
_922233
650 0 _aHolocaust, Jewish (1939-1945)
_2personal narratives
_911269
651 _aPoland
_2Ethnic relations
_922234
906 _a7
_bcbc
_corignew
_d1
_eecip
_f20
_gy-gencatlg
942 _2lcc
_cMONOGRAPH
999 _c124156
_d124156